000 01646nam a2200241Ia 4500
999 _c53400
_d53400
001 20443
003 GE_BSU
005 20210329173538.0
008 181216s2016||||ge |||||||||||||| ||geo||
040 _cGE_BSU
041 _ageo
080 _a61 შ-57
100 _aშეშაბერიძე, ეკატერინე
_910819
245 _aრაიტთერაპიის ეფექტურობის მექანიზმები სტატიკური (ფეხმოკლეობით გამოწვეული) და წელის დისპლაზიური (I-II ხარისხის) სკოლიოზის მქონე 11-16 წლის ბავშვებში /
_cეკატერინე შეშაბერიძე; სამეცნ. ხელმძღვანელი მ. ლორია.
264 _aთბილისი,
_c2016.
300 _a158 გვ. ;
_bილ.,
_c30 სმ.
500 _aპარალ. სათ. ინგლ. ენ.
653 _aდისერტაცია
653 _aმედიცინა
653 _aრაიტთერაპიის ეფექტურობის მექანიზმები სტატიკური (ფეხმოკლეობით გამოწვეული) და წელის დისპლაზიური (I-II ხარისხის) სკოლიოზის მქონე 11-16 წლის ბავშვებში
700 _aლორია, მ.
_eსამეცნ. ხელმძღვანელი
_96237
942 _cBK
_2udc